LEADER 01730nam 2200445 450 001 000012254 005 20100312133400.0 010 $a88-8212-222-0 100 $a20030410d1999----km-y0itay0103----ba 101 0 $aita 102 $aIT 200 1 $aLingua e stile nell'Ottocento italiano: due saggi$eatti del corso di aggiornamento, Novara, marzo-aprile 1998$fPier Vincenzo Mengaldo, Giuseppe Zaccaria 200 1 $a1 $n0006127 210 $aNovara$cInterlinea$dc1999 215 $a59 p.$d21 cm. 225 2 $aBiblioteca del Centro Novarese di Studi Letterari$v23 410 0$12001$aBiblioteca del Centro Novarese di Studi Letterari$v23 600 1$aNievo,$bIppolito$tLe confessioni di un italiano 600 1$aTorelli,$bGiuseppe$tEmiliano 600 1$aSacchetti,$bRoberto$tEntusiasmi 676 $a853.7$v(21. ed.)$9Narrativa italiana. 1814-1859 700 1$aMengaldo,$bPier Vincenzo$0152369 701 1$aZaccaria,$bGiuseppe$0145081 801 0$aIT$bUniversità della Basilicata - B.I.A.$gRICA$2unimarc 912 $a000012254 996 $aLingua e stile nell'Ottocento italiano: due saggi$978149 997 $aUNIBAS BAS $aMONLET BAS $aLETTERE CAT $aSTD020$b01$c20030410$lBAS01$h1550 CAT $aDILEO$b21$c20030423$lBAS01$h1258 CAT $c20050601$lBAS01$h1755 CAT $abatch$b01$c20050718$lBAS01$h1051 CAT $c20050718$lBAS01$h1110 CAT $c20050718$lBAS01$h1140 CAT $c20050718$lBAS01$h1154 CAT $aBATCH$b00$c20070503$lBAS01$h1735 CAT $aATR$b40$c20100312$lBAS01$h1334 FMT Z30 -1$lBAS01$LBAS01$mBOOK$1BASA1$APolo Storico-Umanistico$2DSLF$BCollezione DiSLF$3DF/6412$66412$5F6412$820030410$f04$FPrestabile Didattica